000 00624nam a2200169 a 4500
001 000036329
005 20200930075654.0
008 120113s1969 mx 000 0bspa d
040 _aDO-SdBNP
_bspa
_cBNPHU
100 1 _aLincoln, Abraham
_962488
245 1 0 _aAbraham Lincoln :
_bensayos /
_cAbraham Lincoln ; recopilación e introducción de Don E. Fehrenbacher ; traducido por Luisa María Álvarez.
260 _aMéxico :
_bPax-México,
_c1969.
300 _axxxi, 279 p. ;
_c21 cm.
600 1 4 _aLINCOLN, ABRAHAM
_962489
700 1 _aFehrenbacher, Don E.,
_ecomp.
_962490
700 1 _aÁlvarez, Luisa María,
_etrad.
_947398
999 _c35820
_d35820